000 00716nam a2200217Ii 4500
003 JO-AjNU
008 230605s9999||||xx |||||||||||||| ||und||
020 _a978-9957-33-385-0
040 _aJO-AjNU
_bara
_erda
_cJO-AjNU
041 _aara
050 1 4 _aPN81.A9938 2014
100 3 _aإعداد العزام، هيثم أحمد,
_eauthor
_947659
245 0 0 _aفي النقد الثقافي
250 _aط1
264 3 1 _aعمان: مؤسسة الوراق للنشر، 2014
300 _a241ص
336 _atext
_btxt
_2rdacontent
337 _aunmediated
_bn
_2rdamedia
338 _avolume
_bnc
_2rdacarrier
650 4 _aالأدب العربي - تاريخ ونقد - الثقافة العربية
_947660
999 _aA20820
_c24388
_d24388